| 000 | 00747nam a22002171cc4500 | ||
|---|---|---|---|
| 001 | a987693044+Band2 | ||
| 035 | _aa987693044 | ||
| 008 | 200211s1973 gw |||| 000u ger d | ||
| 041 | _ager | ||
| 100 | 1 |
_aTotok, Wilhelm _917007 |
|
| 245 | 0 | 0 |
_aHandbuch der Geschichte der Philosophie _cUnter Mitarbeit von Hiltraut Heiderich und Helmut Schröer _nBand 2 _pMittelatler / |
| 264 |
_aFrankfurt am Main : _bVittorio Klostermann, _c1973 |
||
| 300 | _a676 Seiten | ||
| 700 | 1 |
_aHeidrich, Hiltraut _eMitarbeiterIn _917008 |
|
| 700 | 1 |
_aSchröer, Helmut _eMitarbeiterIn _917009 |
|
| 246 | 1 | 2 |
_aHandbuch der Geschichte der Philosophie. Mittelatler _nBand 2 |
| 773 | 0 | 8 |
_wa987693044 _qBand2 |
| 942 | _cMG | ||
| 040 | _cRU-10907106 | ||
| 003 | RU-10907106 | ||
| 999 |
_c29719 _d29719 |
||